000 00502nam a2200169Ia 4500
005 20250612150945.0
008 008 250505s9999 xx 000 0 eng d
020 _a9789393850089
040 _beng
_cILCL
041 _aeng
_2eng
084 _aY11:3(S5):(Z2) R3
100 _aSingh, Pramod Kumar
_926133
245 0 _aProtection of Children from Sexual Offences Act
260 _aDelhi
_bLaw and Justice Publishing Company
_c2023
300 _axxxvi,488p.
942 _cTB
_2Colon Classification
999 _c1312034
_d1312034